|
|
|
|
| LEADER |
01565nab#a2200325#ar4500 |
| 001 |
000073379 |
| 003 |
SVKKK |
| 005 |
19970922xxxxxxx. |
| 008 |
06 c xo huno |
| FMT |
|
|
|
| 038 |
|
|
|a SVKKK
|
| 040 |
|
|
|a SVKKK
|b slo
|e AACR2
|
| 041 |
0 |
|
|a hun
|
| 044 |
|
|
|a xo
|c SK
|
| 080 |
|
|
|a 377
|
| 100 |
0 |
|
|a M.
|4 aut
|
| 242 |
1 |
0 |
|a Škola domácich prác v Štítniku
|
| 245 |
1 |
0 |
|a Háztartási iskola Csetneken
|c M.
|
| 520 |
2 |
|
|a Informácie o snahách sestier Szontaghových zo Štítnika založiť Školu domácich prác v mestečku so slávnostným zahájením vyučovania 1.10.1912. Vzdelanie tu nájdu 12 - 20 ročné dievčatá. Učebné osnovy boli zaslané na posúädenie Ministerstvu vnútra. V Štítniku bol aložený Podporný spolok pre túto školu. Myšlienku založenia podporuje aj vrchný školský inšpektor Štefan (István) Pogány. Odborná učiteľka Blanka Pécsi z Kecskemétu (MR) pomáha pri zakladaní školy.
|
| 650 |
0 |
4 |
|a Háztartási iskola, Csetnek pozri Škola domácich prác, Štítnik
|
| 650 |
0 |
4 |
|a Škola domácich prác, Štítnik (RV) - 1.10.1912 - otvorenie plánované - Szontagh (sestry, zakladateľky) - Bócsi, Blanka (spoluzakladateľka, učiteľka odborná) - Kecskemét (MR) - pôsobenie - Pogány, Štefan (inšpektor školský) - informácie
|
| 773 |
0 |
|
|t Sajó-Vidék : Vegyestartalmú hetilap
|g Roč. 15, č. 32 (08.08.1912) s. 3
|
| 957 |
|
|
|a Kecskemét (MR)
|
| 957 |
|
|
|a Štítnik
|
| 958 |
|
|
|a DG
|
| 958 |
|
|
|a SK
|
| 974 |
|
|
|a ebl
|d 19970922
|
| 992 |
|
|
|a RBX
|
| BAS |
|
|
|
| 998 |
|
|
|a RETRO
|